000 00299nam a22001337a 4500
008 180131b xxu||||| |||| 00| 0 eng d
020 _a9781936523115
041 _aeng
080 _24TH
_a82
100 _a21
101 _aGJL
245 _aPreparing literature reviews
_cPan,M.L
942 _2udc
_cBK
999 _c41419
_d41419